MARC

Tag First Indicator Second Indicator Subfields
LEADER 00000cas a2200000 a 4500
001 in00002491007
005 20220106084525.0
006 m o d
007 cr |||||||||||
008 081028c19uu9999dcuuu o f0 a0eng c
010 |a  2008231007 
019 |a 654705032 
022 0 |a 1944-3145  |l 1944-3145  |2 1 
035 |a (OCoLC)ocn263846530 
037 |b Print version available for sale by the Supt. of Docs., U.S. Govt. Print. Off., Mail: Stop IDCC, Washington, DC 20402-0001 
040 |a GPO  |b eng  |c GPO  |d GPO  |d DLC  |d GPO  |d OCLCQ  |d OCLCE  |d GPO  |d OCLCQ  |d OCLCO  |d OCLCQ  |d OCLCF  |d GILDS  |d GPO  |d MvI 
042 |a pcc  |a nsdp 
043 |a n-us--- 
049 |a WWW 
050 1 4 |a ISSN RECORD 
074 |a 1045-C (online) 
074 |a 1045-B (online) 
074 |a 1045-C (online) 
074 |a 1045-C-02 (online) 
082 1 0 |a 354  |2 14 
086 0 |a Y 4.P 96/10: 
086 0 |a Y 4.P 96/10-3: 
110 1 |a United States.  |b Congress.  |b Senate.  |b Committee on Environment and Public Works. 
222 0 |a Rules of the Committee on Environment and Public Works, United States Senate  |b (Online) 
245 1 0 |a Rules of the Committee on Environment and Public Works, United States Senate. 
246 1 |i At head of title:  |a Committee print  |f <1995-> 
246 1 |i Issue for Revised March 15, 2017 has title:  |a Rules of procedure of the Committee on Environment and Public Works, United States Senate 
260 |a Washington :  |b U.S. G.P.O. 
300 |a 1 online resource (volumes). 
336 |a text  |b txt  |2 rdacontent 
337 |a computer  |b c  |2 rdamedia 
338 |a online resource  |b cr  |2 rdacarrier 
490 1 |a S. prt. 
588 |a Description based on: Adopted Jan. 20, 1999; title from PDF cover (viewed on Oct. 28, 2008). 
588 |a Latest issue consulted: Revised March 15, 2017 (govinfo website, viewed Feb. 22, 2019). 
610 1 0 |a United States.  |b Congress.  |b Senate.  |b Committee on Environment and Public Works  |x Rules and practice  |v Periodicals. 
610 1 7 |a United States.  |b Congress.  |b Senate.  |b Committee on Environment and Public Works.  |2 fast  |0 (OCoLC)fst00573667 
650 7 |a Parliamentary practice.  |2 fast  |0 (OCoLC)fst01053793 
655 7 |a Periodicals.  |2 fast  |0 (OCoLC)fst01411641 
776 0 8 |i Paper version:  |a United States. Congress. Senate. Committee on Environment and Public Works.  |t Rules of the Committee on Environment and Public Works, United States Senate  |w (DLC) 96640291  |w (OCoLC)30115152 
776 0 8 |i Microfiche version:  |a United States. Congress. Senate. Committee on Environment and Public Works.  |t Rules of the Committee on Environment and Public Works, United States Senate  |w (DLC) 2006231155  |w (OCoLC)31457262 
830 0 |a S. prt. 
856 4 0 |u https://purl.fdlp.gov/GPO/LPS6162  |z Beginning with 106th Congress, click on desired congress to obtain desired issue  |t 0 
856 4 2 |u http://www.access.gpo.gov/congress/senate/senate09cp108.html  |t 0 
999 f f |s 21078303-d68e-3881-a365-76207df433fa  |i a0349e13-123d-3ab9-9827-3cb1200fde44  |t 0 
952 f f |a Texas A&M University  |b College Station  |c Electronic Resources  |d Available Online  |t 0  |e Y 4.P 96/10:  |h Superintendent of Documents classification 
998 f f |a Y 4.P 96/10:  |t 0  |l Available Online